000 01302nam a2200301Ia 4500
001 ebr10361574
003 CaPaEBR
006 m u
007 cr cn|||||||||
008 090603s2009 cc a s 000 0 eng d
020 _z9789814261142 (pbk.)
020 _z9814261149 (pbk.)
040 _aCaPaEBR
_cCaPaEBR
035 _a(OCoLC)613377482
050 1 4 _aQA43
_b.M3145 2009eb
245 0 0 _aMathematical Olympiad in China (2007-2008)
_h[electronic resource] :
_bproblems and solutions /
_ceditors, Xiong Bin, Lee Peng Yee.
260 _aShanghai, China :
_bEast China Normal University Press ;
_aSingapore ;
_aHackensack, NJ :
_bWorld Scientific,
_cc2009.
300 _axxvi, 194 p. :
_bill.
533 _aElectronic reproduction.
_bPalo Alto, Calif. :
_cebrary,
_d2010.
_nAvailable via World Wide Web.
_nAccess may be limited to ebrary affiliated libraries.
611 2 0 _aInternational Mathematical Olympiad.
650 0 _aMathematics
_vProblems, exercises, etc.
650 0 _aMathematics
_xCompetitions
_zChina.
655 7 _aElectronic books.
_2local
700 1 _aLee, P. Y.
_q(Peng Yee),
_d1938-
700 1 _aXiong, Bin.
710 2 _aebrary, Inc.
856 4 0 _uhttp://site.ebrary.com/lib/rucke/Doc?id=10361574
_zAn electronic book accessible through the World Wide Web; click to view
999 _c106244
_d106244